书目信息 |
| 题名: |
药品多指标HPLC快速检测
|
|
| 作者: | 任爱农 主编 | |
| 分册: | ||
| 出版信息: | 北京 化学工业出版社 2009 |
|
| 页数: | 249页 | |
| 开本: | 26cm | |
| 丛书名: | ||
| 单 册: | ||
| 中图分类: | R927.1 | |
| 科图分类: | ||
| 主题词: | 液相色谱--应用--药物--检测 , 液相色谱 , 药物 | |
| 电子资源: | ||
| ISBN: | 978-7-122-04394-8 | |
| 000 | 00875nam0 2200241 45 | |
| 005 | 20100303151054.65 | |
| 010 | @a978-7-122-04394-8@dCNY49.00 | |
| 100 | @a20100121d2009 ekmy0chiy0120 ea | |
| 101 | 0 | @achi |
| 102 | @aCN@b110000 | |
| 105 | @ay z 000yy | |
| 106 | @ar | |
| 200 | 1 | @a药品多指标HPLC快速检测@AYao Pin Duo Zhi Biao HPLC Kuai Su Jian Ce@e化学药@EHua Xue Yao@f任爱农主编@FRen Ai Nong Zhu Bian |
| 210 | @a北京@c化学工业出版社@d2009 | |
| 215 | @a249页@d26cm | |
| 330 | @a本书总结了近十年来复方化学药中多指标成分的高效液相色谱分离条件、检测方法的研究成果,收集了150种的复方化学药品,涉及18种剂型,各品种检测2-10种成分,均附有样品色谱图。 | |
| 606 | 0 | @a液相色谱@x应用@x药物@x检测 |
| 606 | 0 | @a液相色谱 |
| 606 | 0 | @a药物 |
| 690 | @aR927.1@v4 | |
| 701 | 0 | @a任爱农@ARen Ai Nong@4主编 |
| 801 | 0 | @aCN@bTANGWEI@c20100303 |
| 905 | @b0584788-92@dR927.1@e79@f5 | |
| 药品多指标HPLC快速检测:化学药/任爱农主编.-北京:化学工业出版社,2009 |
| 249页;26cm |
| ISBN 978-7-122-04394-8:CNY49.00 |
| 本书总结了近十年来复方化学药中多指标成分的高效液相色谱分离条件、检测方法的研究成果,收集了150种的复方化学药品,涉及18种剂型,各品种检测2-10种成分,均附有样品色谱图。 |
| ● |
| 相关链接 |
|
|
|
|
正题名:药品多指标HPLC快速检测
索取号:R927.1/79
 
预约/预借
| 序号 | 登录号 | 条形码 | 馆藏地/架位号 | 状态 | 备注 |
| 1 | 0584788 | 205847887 | 第二样本阅览室/ [索取号:R927.1/79] | 在馆 | |
| 2 | 0584789 | 205847896 | 第三借阅区/ [索取号:R927.1/79] | 在馆 | |
| 3 | 0584790 | 205847903 | 教育系资料室/ [索取号:R927.1/79] | 在馆 | |
| 4 | 0584791 | 205847912 | 教育系资料室/ [索取号:R927.1/79] | 在馆 | |
| 5 | 0584792 | 205847921 | 第三借阅区/ [索取号:R927.1/79] | 在馆 |